000 00239nam a2200097Ia 4500
008 120527s9999 xx 000 0 und d
100 _aOLAJIRE,Abass
245 _aIntroductory organic & inorganic chemistry.
260 _bOGFAT
942 _cBK
999 _c23634
_d23634